Nicolás y Alejandra: el amor y la muerte en la Rusia imperial
Saved in:
| Hovedforfatter: | |
|---|---|
| Format: | Bog |
| Sprog: | spansk |
| Udgivet: |
Barcelona
B
2004
|
| Fag: | |
| Tags: |
Tilføj Tag
Ingen Tags, Vær først til at tagge denne postø!
|
MARC
| LEADER | 00000nam a2200000 a 4500 | ||
|---|---|---|---|
| 001 | UCK3176 | ||
| 003 | CL-VaPUC | ||
| 008 | 050415e20040000SP |||||||||||||||||spa|d | ||
| 020 | |a 8466619860 | ||
| 082 | 0 | 4 | |a 947.083 |b MAS |2 21 |
| 100 | |a Massie, Robert K. |e autor |9 588255 | ||
| 245 | 1 | 0 | |a Nicolás y Alejandra: el amor y la muerte en la Rusia imperial |
| 300 | |a 679 p | ||
| 942 | |c BK | ||
| 945 | |d 20050415 00:00:00 |a cmena | ||
| 260 | |a Barcelona |b B |c 2004 | ||
| 600 | 0 | |a Nicolás II, |c Emperador de Rusia |d 1868-1918 |9 343089 | |
| 600 | 0 | 7 | |a ALEJANDRA |2 CL-VaPUC |9 491174 |
| 650 | 0 | |a Historia de Rusia |9 343091 | |
| 650 | 0 | |a Imperialismo |9 258264 | |
| 650 | 0 | |a Biografías |9 255210 | |
| 651 | 0 | |a Rusia |9 256106 | |
| 583 | |a last modification |c 20050415 00:00:00 |k Rodrigo Vera | ||
| 999 | |c 312443 |d 312441 | ||
| 952 | |0 0 |1 0 |4 0 |6 947_083000000000000_MAS_2004 |7 0 |8 A |9 382826 |a BIBHIS |b BIBHIS |d 2019-11-21 |i 4109856 |o 947.083 MAS 2004 |p 4109856 |r 2025-01-20 |w 2019-11-21 |y BK |k HIS | ||